| 000 | 00683cab a2200265 4500 | ||
|---|---|---|---|
| 001 | ABS48336 | ||
| 008 | 090401t1993 xxu||||| |||| 00| 0 eng d | ||
| 035 | _a(Sirsi) u66244 | ||
| 041 | _aeng | ||
| 245 | _aBitty Budget offers rural snippets | ||
| 260 | _c1993 | ||
| 350 | _a0 | ||
| 490 |
_aEstates Gazette _v(9312) 27 March 1993, 108(1) |
||
| 520 | _aExamines how the 1993 Budget will affect farmers. | ||
| 650 | _aBUDGET 1993 | ||
| 650 | _aCAPITAL GAINS TAX | ||
| 650 | _aINCOME TAX | ||
| 650 | _aROLL OVER RELIEF | ||
| 650 | _aSTAMP DUTY | ||
| 650 | _aTIED HOUSES | ||
| 650 | _aVALUE ADDED TAX | ||
| 690 | _aRURAL PRACTICE | ||
| 942 | _n0 | ||
| 948 | _c04/03/1997 | ||
| 999 |
_c41416 _d41416 |
||